Comunione e disciplina ecclesiale

Furkejuvvon:
Bibliográfalaš dieđut
Materiálatiipa: Girji
Giella:itáliagiella
Almmustuhtton: Ciudad del Vaticano Libreria Editrice Vaticana 1991
Ráidu:Studio Giuridici, 26
Fáttát:
Fáddágilkorat: Lasit fáddágilkoriid
Eai fáddágilkorat, Lasit vuosttaš fáddágilkora!

MARC

LEADER 00000nam a2200000 a 4500
001 UCV3141
003 CL-VaPUC
008 930415e19910000VC |||||||||||||||||ita|d
082 0 4 |a 262.9  |b COM  |2 21 
245 1 0 |a Comunione e disciplina ecclesiale 
300 |a 259 p 
942 |c BK 
945 |d 19930415 00:00:00 
260 |a Ciudad del Vaticano  |b Libreria Editrice Vaticana  |c 1991 
650 7 |a DISCIPLINA ECLESIASTICA  |2 CL-VaPUC  |9 258736 
583 |a last modification  |c 19930415 00:00:00  |k Rodrigo Vera 
490 0 |a Studio Giuridici, 26 
999 |c 210470  |d 210468 
952 |0 0  |1 0  |4 0  |6 262_900000000000000_COM_1991  |7 0  |8 A  |9 186754  |a BIBDER  |b BIBDER  |d 2019-11-14  |i 2543508  |o 262.9 COM 1991  |p 2543508  |r 2023-01-25  |w 2019-11-14  |y BK  |k DER